Cambridge skills for fluency: Speaking 2 ( cassette )

محفوظ في:
التفاصيل البيبلوغرافية
المؤلف الرئيسي: Joanne Collie
التنسيق: كتاب
اللغة:Undetermined
منشور في: Cambridge, UK Cambridge Univ. Press 1993
الموضوعات:
الوسوم: إضافة وسم
لا توجد وسوم, كن أول من يضع وسما على هذه التسجيلة!
Thư viện lưu trữ: Trung tâm Học liệu Trường Đại học Cần Thơ
LEADER 00597nam a2200205Ia 4500
001 CTU_57722
008 210402s9999 xx 000 0 und d
020 |b 84000 
082 |a 428.34 
082 |b C699/T2 
100 |a Joanne Collie 
245 0 |a Cambridge skills for fluency: Speaking 2 ( cassette ) 
245 0 |c Joanne Collie and Stephen Slater 
260 |a Cambridge, UK 
260 |b Cambridge Univ. Press 
260 |c 1993 
650 |a english language 
650 |x study and teaching,foreign speakers 
904 |i Minh 
980 |a Trung tâm Học liệu Trường Đại học Cần Thơ